Missing Word: Hodge Podge III Quiz Stats

Quiz Updated Mar 8, 2016

Also try: The _____ Books
Challenge
Share
Tweet
Embed
Score 0/25 Timer 03:00
1 Play Today
Phrase/Thing Missing Word % Correct
How I Met Your ___Mother
98.4%
Charlie and the ___ FactoryChocolate
98.1%
I ___ LucyLove
97.8%
Are You ___ Than a 5th Grader?Smarter
97.2%
___ Jessica ParkerSarah
96.5%
The Heart of ___ and RollRock
95.6%
The Dark Side of the ___Moon
95%
Don't fire until you see the whites of their ___eyes
93.7%
Dude, Where's My ___?Car
91.2%
___! I Did It AgainOops
90.8%
John Wilkes ___Booth
88.5%
Eat, ___, LovePray
87.9%
___ the HedgehogSonic
85.9%
Phrase/Thing Missing Word % Correct
Once ___ a Mattressupon
85.4%
The ___ Also RisesSun
84.6%
From ___ to EternityHere
77.4%
Strawberry Fields ___Forever
76.7%
___! At the DiscoPanic
65.7%
Eternal Sunshine of the ___ MindSpotless
63.6%
The ___-Contra AffairIran
52.5%
Strawberry ___ ClockAlarm
38.4%
Love ___ StyleAmerican
35.4%
Jonathan Livingston ___Seagull
35.3%
The ___ Who Came in from the ColdSpy
35.3%
The ___ of Jenkins' EarWar
14%

Today's Daily Dose

Word Ladder
'90s Movies

Quick Pick
'Fire' Movies

On This Day
June 19th II

You're not logged in!

Compare scores with friends on all Sporcle quizzes.
Join for Free
OR
Log In

You Might Also Like...

Show Comments

Extras

Top Quizzes Today


Score Distribution

Your Account Isn't Verified!

In order to create a playlist on Sporcle, you need to verify the email address you used during registration. Go to your Sporcle Settings to finish the process.

Report this User

Report this user for behavior that violates our Community Guidelines.

Details: